Ant-Man - Portrayals by Picture - Statistics

General Stats
  • This quiz has been taken 8 times
  • The average score is 2 of 19
Answer Stats
Picture Answer % Correct
Paul Rudd
100%
Dar Dash / Grant George
14%
Dee Bradley Baker
14%
Grant George
14%
Grant George / Josh Keaton
14%
Jerry Houser / Wally Wingert / Josh Keaton
14%
Josh Keaton
14%
Nolan North
14%
Troy Baker
14%
Wally Wingert
14%
Wally Wingert
14%
Christopher McCullough
0%
Crispin Freeman
0%
Greg Grunberg
0%
John Payne
0%
Rod Wilson
0%
Sean Giambrone
0%
Tom Harvey
0%
Yasunori Masutani
0%
No matching quizzes found
Score Distribution
Percent of People with Each Score
Percentile by Number Answered
Your Score History
You have not taken this quiz